Cities with 50,000+ Seater Football Stadiums in Europe - Map Quiz - Statistics

General Stats
  • This quiz has been taken 615 times
  • The average score is 42 of 48
Answers on the Map
Answers color-coded by a green-red scale on the quiz's map according to % correct below.
 
Answer Stats
Stadium(s) Answer % Correct
Camp Nou Barcelona
99%
Wembley Stadium, Olympic Stadium, Tottenham Hotspur Stadium, Emirates Stadium London
98%
Santiago Bernabeu, Metropolitano Stadium Madrid
98%
Old Trafford, Etihad Stadium Manchester
98%
Allianz Arena, Olympiastadion Munich
98%
Stade de France Paris
98%
Johan Cruyff Arena Amsterdam
97%
Anfield Liverpool
97%
San Siro Milan
97%
Olympiastadion Berlin
96%
Aviva Stadium Dublin
96%
Luzhniki Stadium Moscow
96%
Stadio Diego Armando Maradona Naples
96%
Stadio Olimpico Rome
96%
NSC Olimpiyskiy Kiev
95%
Estadio da Luz, Estadio Jose Alvalade Lisbon
95%
Parc Olympique Lyonnais Lyon
95%
Olympic Stadium Athens
94%
Celtic Park, Hampden Park, Ibrox Stadium Glasgow
94%
Stade Velodrome Marseille
94%
Ataturk Olympic Stadium, Nef Stadium Istanbul
93%
Estadio do Dragao Porto
93%
Puskas Arena Budapest
92%
Friends Arena Stockholm
92%
PGE Narodowy Warsaw
92%
King Baudouin Stadium Brussels
91%
Signal Iduna Park Dortmund
91%
Volksparkstadion Hamburg
90%
St James' Park Newcastle
90%
Krestovsky Stadium Saint Petersburg
90%
Estadio Benito Villamarin, Estadio Olímpico Seville
90%
Ernst Happel Stadion Vienna
90%
De Kuip Rotterdam
88%
Millennium Stadium Cardiff
87%
San Mames Bilbao
86%
Stadium Rajko Mitic Belgrade
85%
Arena Nationala Bucharest
85%
Deutsche Bank Park Frankfurt
84%
RheinEnergieStadion Cologne
78%
Mercedes-Benz Arena Stuttgart
78%
Donbass Arena Donetsk
77%
Stade Pierre-Mauroy Lille
76%
Merkur Spiel-Arena Dusseldorf
71%
Stadio San Nicola Bari
68%
Max-Morlock-Stadion Nuremberg
62%
Borussia-Park Mönchengladbach
55%
Veltins-Arena Gelsenkirchen
51%
Silesian Stadium Chorzow
18%
No matching quizzes found
Score Distribution
Percent of People with Each Score
Percentile by Number Answered
Your Score History
You have not taken this quiz